000 00431nam a2200181Ia 4500
008 090630s9999 xx 000 0 und d
082 _b446
100 _aJacob Naami.
245 _aUnder New Management.
_cJacob Naami.
260 _b---
300 _a248
600 _aJacob Naami.
630 _aUnder New Management.
655 _aEnglish.
700 _aJacob Naami.
730 _aUnder New Management.
942 _cBOOK
999 _c252302
_d252302